<?xml version="1.0" encoding="UTF-8"?>
<record
    xmlns:xsi="http://www.w3.org/2001/XMLSchema-instance"
    xsi:schemaLocation="http://www.loc.gov/MARC21/slim http://www.loc.gov/standards/marcxml/schema/MARC21slim.xsd"
    xmlns="http://www.loc.gov/MARC21/slim">

  <leader>00324nam a22001337a 4500</leader>
  <datafield tag="020" ind1=" " ind2=" ">
    <subfield code="a">8121901022</subfield>
  </datafield>
  <datafield tag="082" ind1=" " ind2=" ">
    <subfield code="2">22</subfield>
    <subfield code="a">621.312</subfield>
  </datafield>
  <datafield tag="100" ind1=" " ind2=" ">
    <subfield code="a">Gupta, B. R.</subfield>
  </datafield>
  <datafield tag="245" ind1=" " ind2=" ">
    <subfield code="a">Generation of electrical energy /</subfield>
  </datafield>
  <datafield tag="250" ind1=" " ind2=" ">
    <subfield code="a">NA</subfield>
  </datafield>
  <datafield tag="260" ind1=" " ind2=" ">
    <subfield code="a">New Delhi,</subfield>
    <subfield code="b">C Chand,</subfield>
    <subfield code="c">c2010.</subfield>
  </datafield>
  <datafield tag="300" ind1=" " ind2=" ">
    <subfield code="a">xvi,564 p. ;</subfield>
    <subfield code="b">ill. .;</subfield>
    <subfield code="c">24 cm.</subfield>
  </datafield>
  <datafield tag="942" ind1=" " ind2=" ">
    <subfield code="2">ddc</subfield>
    <subfield code="c">EE</subfield>
    <subfield code="0">9</subfield>
  </datafield>
  <datafield tag="999" ind1=" " ind2=" ">
    <subfield code="c">3533</subfield>
    <subfield code="d">3533</subfield>
  </datafield>
  <datafield tag="952" ind1=" " ind2=" ">
    <subfield code="0">0</subfield>
    <subfield code="1">0</subfield>
    <subfield code="2">ddc</subfield>
    <subfield code="4">0</subfield>
    <subfield code="7">1</subfield>
    <subfield code="8">REF</subfield>
    <subfield code="a">LIB001</subfield>
    <subfield code="b">LIB001</subfield>
    <subfield code="d">2014-07-15</subfield>
    <subfield code="g">251.00</subfield>
    <subfield code="l">0</subfield>
    <subfield code="o">621.312</subfield>
    <subfield code="p">35494</subfield>
    <subfield code="r">2014-07-18 00:00:00</subfield>
    <subfield code="t">1</subfield>
    <subfield code="v">552.00</subfield>
    <subfield code="w">2014-07-15</subfield>
    <subfield code="y">REF</subfield>
  </datafield>
  <datafield tag="952" ind1=" " ind2=" ">
    <subfield code="0">0</subfield>
    <subfield code="1">0</subfield>
    <subfield code="2">ddc</subfield>
    <subfield code="4">0</subfield>
    <subfield code="7">0</subfield>
    <subfield code="a">LIB001</subfield>
    <subfield code="b">LIB001</subfield>
    <subfield code="d">2014-07-15</subfield>
    <subfield code="g">251.00</subfield>
    <subfield code="l">7</subfield>
    <subfield code="m">23</subfield>
    <subfield code="o">621.312</subfield>
    <subfield code="p">35495</subfield>
    <subfield code="r">2024-12-02 00:00:00</subfield>
    <subfield code="s">2024-07-30</subfield>
    <subfield code="t">1</subfield>
    <subfield code="v">552.00</subfield>
    <subfield code="w">2014-07-15</subfield>
    <subfield code="y">EE</subfield>
  </datafield>
  <datafield tag="952" ind1=" " ind2=" ">
    <subfield code="0">0</subfield>
    <subfield code="1">0</subfield>
    <subfield code="2">ddc</subfield>
    <subfield code="4">0</subfield>
    <subfield code="7">0</subfield>
    <subfield code="a">LIB001</subfield>
    <subfield code="b">LIB001</subfield>
    <subfield code="d">2014-07-15</subfield>
    <subfield code="g">251.00</subfield>
    <subfield code="l">8</subfield>
    <subfield code="m">17</subfield>
    <subfield code="o">621.312</subfield>
    <subfield code="p">35496</subfield>
    <subfield code="r">2023-11-27 00:00:00</subfield>
    <subfield code="s">2023-08-14</subfield>
    <subfield code="t">1</subfield>
    <subfield code="v">552.00</subfield>
    <subfield code="w">2014-07-15</subfield>
    <subfield code="y">EE</subfield>
  </datafield>
  <datafield tag="952" ind1=" " ind2=" ">
    <subfield code="0">0</subfield>
    <subfield code="1">0</subfield>
    <subfield code="2">ddc</subfield>
    <subfield code="4">0</subfield>
    <subfield code="7">0</subfield>
    <subfield code="a">LIB001</subfield>
    <subfield code="b">LIB001</subfield>
    <subfield code="d">2014-07-15</subfield>
    <subfield code="g">251.00</subfield>
    <subfield code="l">6</subfield>
    <subfield code="m">18</subfield>
    <subfield code="o">621.312</subfield>
    <subfield code="p">35497</subfield>
    <subfield code="r">2023-12-06 00:00:00</subfield>
    <subfield code="s">2023-07-31</subfield>
    <subfield code="t">1</subfield>
    <subfield code="v">552.00</subfield>
    <subfield code="w">2014-07-15</subfield>
    <subfield code="y">EE</subfield>
  </datafield>
  <datafield tag="952" ind1=" " ind2=" ">
    <subfield code="0">0</subfield>
    <subfield code="1">0</subfield>
    <subfield code="2">ddc</subfield>
    <subfield code="4">0</subfield>
    <subfield code="7">0</subfield>
    <subfield code="a">LIB001</subfield>
    <subfield code="b">LIB001</subfield>
    <subfield code="d">2014-07-15</subfield>
    <subfield code="g">251.00</subfield>
    <subfield code="l">8</subfield>
    <subfield code="m">18</subfield>
    <subfield code="o">621.312</subfield>
    <subfield code="p">35498</subfield>
    <subfield code="q">2026-10-19</subfield>
    <subfield code="r">2025-07-21 00:00:00</subfield>
    <subfield code="s">2025-07-21</subfield>
    <subfield code="t">1</subfield>
    <subfield code="v">552.00</subfield>
    <subfield code="w">2014-07-15</subfield>
    <subfield code="y">EE</subfield>
  </datafield>
</record>
